|
|
|
|
| LEADER |
02471nem a2200505 a 4500 |
| 001 |
mzk03001178913 |
| 003 |
CZ BrMZK |
| 005 |
20130819082740.0 |
| 007 |
aj|canzn |
| 008 |
090422s1786 xxkij|||||a|||||0|||eng|d |
| 034 |
1 |
|
|a a
|b 320000
|d E0255500
|e E0295720
|f N0413800
|g N0394500
|
| 040 |
|
|
|a BOE950
|b cze
|
| 043 |
|
|
|a a-tu---
|
| 072 |
|
7 |
|a 912:904
|x Staré mapy
|2 Konspekt
|9 7
|
| 080 |
|
|
|a 025.171
|2 MRF
|
| 080 |
|
|
|a (560)
|2 MRF
|
| 080 |
|
|
|a (084.3)
|2 MRF
|
| 100 |
1 |
|
|a Faden, William,
|d 1750-1836
|4 aut
|
| 245 |
1 |
4 |
|a The Sea of Marmara or Propontis
|h [kartografický dokument] :
|b with the straits of Constantinople and of Gallipoli /
|c by W. Faden Geographer to the King
|
| 246 |
3 |
3 |
|a Sea of Marmara or Propontis
|h [kartografický dokument]
|
| 255 |
|
|
|a Měřítko [Ca. 1:320 000]. 19,5 cm = 50 Grecian Miles employd in Turkey about 87 to a Degree. 22,2 cm = 45 British Statue Miles 69 1/2 to a Degree. 20,2 cm = 35 Geographical or Nautie Miles 60 to a Degree. 6,8 cm = 10 Milliaria Italica, quarum 60. resp. uni Gr. = 2 1/2 Milliaria Germanica 15. uni. Gradus, 7 cm = 3 1/2 Leucae Gallicae maj. 20. unius Grad
|c (025°55´00" v.d.--029°57´20" v.d./041°38´00" s.š.--039°45´00" s.š.)
|
| 260 |
|
|
|a London :
|b Published by William Faden,
|c 1786
|
| 300 |
|
|
|a 1 mapa :
|b ručně kolorovaná mědirytina ;
|c 59 x 105,5 cm
|
| 500 |
|
|
|a Mapa je rozdělena na 8 částí a podlepena plátnem
|
| 500 |
|
|
|a Výzdoba: Název u horního okraje, směrová růžice
|
| 505 |
0 |
0 |
|g Map of the Coast of Grece and Archipelago from M. D'Anville. --
|t 26 x 27, 5 cm
|
| 510 |
3 |
|
|a IKAR
|
| 561 |
|
|
|a Provenience: [stará signatura] 35.1.
|
| 561 |
|
|
|a Provenience: [stará signatura] - 2
|
| 561 |
|
|
|a Provenience: [m.p.] Mer de Marmora Constantinople. Gallipolo. Nicomedie. Nicée. Prusia
|
| 650 |
0 |
7 |
|a historické knihovní fondy
|7 ph172933
|2 czenas
|
| 655 |
|
7 |
|a staré mapy
|7 fd674099
|2 czenas
|
| 651 |
|
7 |
|a Turecko
|7 ge131143
|2 czenas
|
| 700 |
1 |
|
|a Palmer, William
|4 aut
|
| 700 |
1 |
|
|a Anville, Jean-Baptiste Bourguinon d',
|d 1697-1782
|7 jo2004214907
|4 ant
|
| 740 |
0 |
2 |
|a Map of the Coast of Grece and Archipelago from M. D'Anville
|
| 903 |
|
|
|a RP
|
| 910 |
|
|
|e BOE950
|c R - CCCCLXXXIII (I.I.b.)
|
| 978 |
|
|
|b Faden, William
|a London
|c 1786
|
| 984 |
|
|
|a Londýn
|b Velká Británie
|
| 985 |
|
|
|a 1751-1800
|
| 990 |
|
|
|a MP
|
| 996 |
|
|
|e BOE950
|c R - CCCCLXXXIII (I.I.b.)
|
| 991 |
|
|
|k rajhrad
|
| 980 |
|
|
|c 290754
|g R - CCCCLXXXIII (I.I.b.)
|d 20090422
|t 5
|1 328100290754
|z KR
|